| 000 | 00445nam a2200157Ia 4500 | ||
|---|---|---|---|
| 008 | 130318s9999 xx 000 0 und d | ||
| 020 | _a0471368970 | ||
| 082 | _a004.22 ENG/A | ||
| 100 | _aEnglander, Irv | ||
| 245 | _aThe architecture of computer hardware and systems software: An information technology approach | ||
| 250 | _a3 | ||
| 260 |
_bWiley _aU.S.A _c2003 |
||
| 300 | _a729 | ||
| 650 | _aCOMPUTER ARCHITECTURE | ||
| 650 | _aSYSTEM SOFTWARE | ||
| 999 |
_c688 _d688 |
||